| 000 | 01181nam a2200361 i 4500 | ||
|---|---|---|---|
| 003 | DO-SdBNP | ||
| 005 | 20260313133855.0 | ||
| 007 | ta | ||
| 008 | 250430b1994 dr ||||| |||| 00| 0 spa d | ||
| 020 | _a8489548021 | ||
| 040 |
_aDO-SdBNP _bspa _cBNPHU _erda |
||
| 041 | _hspa | ||
| 082 | 4 |
_a174 _bA347m 1990 _222 |
|
| 100 |
_aAlcántara, Juan Féliz, _91207 _4aut. _eautor |
||
| 245 | 1 | 0 |
_aManual de ética profesional / _cJuan Féliz Alcántara. |
| 250 | _aSegunda edición | ||
| 264 | 1 |
_aSanto Domingo : _bPontificia Universidad Católica Madre y Maestra, _c1994. |
|
| 300 |
_a197 páginas ; _c28 cm. |
||
| 336 |
_atexto _btxt _2rdacontent |
||
| 337 |
_asin mediación _bn _2rdamedia |
||
| 338 |
_avolumen _bnc _2rdacarrier |
||
| 490 | 1 | _aColección Estudios | |
| 504 | _aBibliografía : páginas 195-197 | ||
| 590 | _aInventariado, 2005/BT | ||
| 650 | 7 |
_aÉtica profesional _2LIBRUNAM _9751 |
|
| 650 | 7 |
_aConducta de vida _2LIBRUNAM _911947 |
|
| 650 | 7 |
_aEducación moral _2LIBRUNAM _91607 |
|
| 650 | 7 |
_aValores (Filosofía) _2LIBRUNAM _9604 |
|
| 650 | 0 |
_aResponsabilidad profesional _97712 |
|
| 650 | 4 |
_aEutanasia _918644 |
|
| 910 | _aBtavárez | ||
| 942 |
_2ddc _cLBS1 |
||
| 999 |
_c58883 _d58883 |
||